[Event "Oberliga Sued W 1516"]
[Site "Germany"]
[Date "2016.02.21"]
[Round "7.4"]
[White "Tabatt, Hendrik"]
[Black "Schumacher, Christoph"]
[Result "1-0"]
[WhiteElo "2347"]
[BlackElo "2211"]
[PlyCount "47"]
[EventDate "2015.09.20"]
[EventType "team-tourn"]
[EventRounds "9"]
[EventCountry "GER"]
[SourceTitle "EXT 2017"]
[Source "ChessBase"]
[SourceDate "2016.10.25"]
[SourceVersion "1"]
[SourceVersionDate "2016.10.25"]
[SourceQuality "1"]
[WhiteTeam "Schwarzenbach Caissa"]
[BlackTeam "Illingen Turm"]
[WhiteTeamCountry "GER"]
[BlackTeamCountry "GER"]

1. Nf3 Nf6 2. c4 g6 3. Nc3 Bg7 4. e4 d6 5. d4 0-0 6. Be2 e5 7. d5 Nbd7 8. Bg5 h6 9. Bh4 a5 10. Nd2 Nc5 11. 0-0 Qd7 12. b3 Nh7 13. a3 f5 14. f3 Nf6 15. b4 axb4 16. axb4 Rxa1 17. Qxa1 Na6 18. Qa5 g5 19. Bf2 Qf7 20. c5 Nb8 21. Qa7 Nbd7 22. c6 bxc6 23. dxc6 fxe4 24. cxd7 1-0

[Event "Oberliga Sued W 1415"]
[Site "Germany"]
[Date "2014.12.07"]
[Round "4.5"]
[White "Scheiblauer, Heinrich"]
[Black "Schumacher, Christoph"]
[Result "0-1"]
[WhiteElo "2178"]
[BlackElo "2020"]
[PlyCount "42"]
[EventDate "2014.09.21"]
[EventType "team-tourn"]
[EventRounds "9"]
[EventCountry "GER"]
[SourceTitle "EXT 2019"]
[Source "ChessBase"]
[SourceDate "2018.10.10"]
[SourceVersion "1"]
[SourceVersionDate "2018.10.10"]
[SourceQuality "1"]
[WhiteTeam "Mutterstadt"]
[BlackTeam "Illingen Turm"]
[WhiteTeamCountry "GER"]
[BlackTeamCountry "GER"]

1. d4 Nf6 2. Nf3 b6 3. e3 Bb7 4. Bd3 e6 5. 0-0 Be7 6. c4 0-0 7. Nc3 d5 8. Qe2 c5 9. Rd1 Nbd7 10. b3 Rc8 11. Bb2 Qc7 12. Rac1 Qb8 13. cxd5 exd5 14. Bf5 Rcd8 15. Na4 c4 16. bxc4 dxc4 17. Qxc4 Bxf3 18. gxf3 b5 19. Qe2 bxa4 20. e4 Qf4 21. Rc4 Bd6 0-1